Statistics for San Antonio Spurs NBA Champions

Click here to take the quiz!

General Stats

  • This quiz has been taken 75 times
  • The average score is 16 of 43

Answer Stats

TitlesPlayer% Correct
4Manu Ginóbili
100%
5Tim Duncan
100%
4Tony Parker
100%
1Kawhi Leonard
96%
2David Robinson
94%
1Glenn Robinson
94%
3Bruce Bowen
73%
1Danny Green
73%
1Avery Johnson
64%
1Boris Diaw
54%
2Robert Horry
54%
1Sean Elliott
54%
1Jaren Jackson
53%
1Stephen Jackson
53%
1Tiago Splitter
53%
1Patty Mills
51%
2Steve Kerr
46%
1Steve Smith
43%
1Nazr Mohammed
39%
1Michael Finley
36%
1Fabricio Oberto
34%
2Matt Bonner
30%
1Mario Elie
29%
1Marco Belinelli
27%
1Aron Baynes
21%
1Rasho Nesterović
21%
2Malik Rose
19%
2Brent Barry
17%
1Cory Joseph
17%
1Devin Brown
17%
2Beno Udrih
14%
1Kevin Willis
13%
1Will Perdue
10%
1Francisco Elson
9%
1Antonio Daniels
6%
1Danny Ferry
6%
1Jacque Vaughn
6%
1Jeff Ayres
4%
1Speedy Claxton
4%
1Gerard King
3%
1Jerome Kersey
3%
1Austin Daye
1%
1Tony Massenburg
1%

Score Distribution

Percentile by Number Answered

Percent of People with Each Score

Your Score History

You have not taken this quiz